000 01123cam a22002894a 4500
001 12737013
005 20251121182134.0
008 020411s2002 njua 000 0 eng
020 _a0471227668
_qalk. paper
020 _a9780471227663
_q(alk. paper)
050 0 0 _aTH2521
_b.G69 2002
082 0 0 _a721/.021/8
_221
245 0 4 _aThe graphic standards guide to architectural finishes :
_busing Masterspec to evaluate, select, and specify materials /
_cARCOM, the American Institute of Architects ; editor, Elena M.S. Garrison.
260 _aHoboken, N.J. :
_bJ. Wiley,
_cc2002.
300 _aix, 271 p. :
_bill. ;
_c30 cm.
650 0 _aFlooring
_xStandards.
650 0 _aCeilings
_xStandards.
650 0 _aPaneling
_xStandards.
650 0 _aPaint
_xStandards.
650 0 _aDrywall
_xStandards.
700 1 _aGarrison, Elena M. S.
710 2 _aARCOM.
710 2 _aAmerican Institute of Architects.
856 4 2 _3Publisher description
_uhttp://www.loc.gov/catdir/description/wiley037/2002005725.html
856 4 1 _3Table of contents
_uhttp://www.loc.gov/catdir/toc/wiley031/2002005725.html
942 _2lcc
_cBK
_n0
999 _c8312
_d8312